00754aab a2200193 i 4500001001000000003001000010005001700020008004100037040001900078041000800097100002400105245004100129300008100170520012300251650004000374773012100414942000800535999001700543768714001CO-MdFUSB20240422115535.0240408t1991 ag ||||| |||| 00| 0 spa d bspacCO-MdFUSB aspa1 aArana, Pedroeautor aTestimonio políticoc/ Pedro Arana aVolumen10, número 3 (julio - septiembre, 1991), páginas: 14 -18c; 27 cm aEste artículo narra la experiencia y el compromiso del autor con su fe en Jesucristo y la política de su país.  7aClero -- bActividad política9410 tIglesia y Misión049402959664gVolumen10, número 3 (julio - septiembre, 1991), páginas: 14 -18qpágina: 14  cANA c51924d51924